• 首页
  • 本馆介绍
  • 公告通知
  • 最新文献
  • 馆藏检索
  • 电子资源
  • 读者导购
  • 参考咨询
  • 我的图书馆
  • 登录
  • 详细信息显示
  • 放入我的书架
  • 预约/预借图书
  • 作者相关作品
  • 分类相关作品
  • 丛书相关作品
  • 出版社相关作品

书目信息

  • 表格格式
  • 工作单格式
  • 卡片格式
题名:
怪兽怪相的故事解读
    
 
作者: 韩德复 编著
分册:  
出版信息: 北京   现代出版社  2021.3
页数: 153页
开本: 23cm
丛书名:
单 册:
中图分类: Q91
科图分类:
主题词: 古动物学--普及读物
电子资源:
ISBN: 978-7-5143-2641-3
000 00825nam0 2200241 45
001 012001002171
005 20140913133850.0
010    @a978-7-5143-2641-3@dCNY29.80
100    @a20150122d2014 em y0chiy50 ea
101 0  @achi
102    @aCN@b110000
105    @aa z 000yy
106    @ar
200 1  @a怪兽怪相的故事解读@Aguai shou guai xiang de gu shi jie du@b专著@e怪兽部落见证@f韩德复编著
210    @a北京@c现代出版社@d2021.3
215    @a153页@c图@d23cm
300    @a世界奥秘解码
330    @a本书分为目击怪兽、怪兽怪相、怪兽故事、怪兽解读。主要内容包括:轰动一时的尼期湖水怪;俄罗斯柯尔湖怪物;地狱入口的泰莱湖怪;美国尚普兰湖怪;美国怀特河怪兽等。
606 0  @a古动物学@j普及读物
690    @aQ91@v5
701  0 @a韩德复@Ahan de fu@4编著
801  0 @aCN@bBJSDL@c20211011
905    @b1338712-5@dQ91@e40@f4
    
    怪兽怪相的故事解读:怪兽部落见证/韩德复编著.-北京:现代出版社,2021.3
    153页:图;23cm
    世界奥秘解码
    
    ISBN 978-7-5143-2641-3:CNY29.80
    本书分为目击怪兽、怪兽怪相、怪兽故事、怪兽解读。主要内容包括:轰动一时的尼期湖水怪;俄罗斯柯尔湖怪物;地狱入口的泰莱湖怪;美国尚普兰湖怪;美国怀特河怪兽等。
●
相关链接 在E读中查询图书 在五车中查询图书 在当当中查询图书 在豆瓣中查询图书


正题名:怪兽怪相的故事解读     索取号:Q91/40         预约/预借

序号 登录号 条形码 馆藏地/架位号 状态 备注
1 1338712   213387128   第二样本阅览室/ [索取号:Q91/40] 在馆    
2 1338713   213387137   第三借阅区/ [索取号:Q91/40] 在馆    
3 1338714   213387146   第三借阅区/ [索取号:Q91/40] 在馆    
4 1338715   213387155   第三借阅区/ [索取号:Q91/40] 在馆    
唐山师范学院图书馆 欢迎您!
大连网信软件有限公司© 版权所有